| 000 | 00969cam a22003253a 4500 | ||
|---|---|---|---|
| 001 | 16414167 | ||
| 003 | OSt | ||
| 005 | 20160713144441.0 | ||
| 008 | 931228r19931992nyu j 000 1 eng d | ||
| 010 | _a 97808372 | ||
| 020 |
_a0590471600 : _c$2.95 ($3.95 Can.) |
||
| 035 | _a(OCoLC)ocm29554224 | ||
| 040 |
_aJED _cJED _dOHI _dOCL _dDLC |
||
| 050 | 0 | 0 |
_aPZ 7 _b.L295 1992 |
| 082 | 0 | 4 |
_aKF _aL29b 1992 |
| 100 | 1 |
_aLansdown, Andrew _96129 |
|
| 240 | 1 | 0 | _aWith my knife |
| 245 | 1 | 0 |
_aBeyond the open door / _cAndrew Lansdown. |
| 260 |
_aNew York : _bScholastic Inc., _cc1992. |
||
| 300 |
_a115 p. : _c20 cm. |
||
| 562 | _e1 | ||
| 650 | 0 |
_aDragons _vJuvenile fiction. _96130 |
|
| 650 | 0 |
_aDragons _vFiction. _96131 |
|
| 650 | 0 |
_aFantasy. _93293 |
|
| 655 | 7 |
_aChildren's stories. _2lcsh _93012 |
|
| 710 | 2 |
_aCopyright Paperback Collection (Library of Congress) _5DLC _9705 |
|
| 906 |
_a7 _bcbc _ccopycat _d2 _encip _f19 _gy-genrareb |
||
| 942 |
_2lcc _cBK |
||
| 999 |
_c8160 _d8160 |
||